Associe les paroles à la chanson de Lenie - Statistiques

Statistiques générales
  • Ce quiz a été pris 247 fois
    35 depuis la dernière actualisation
  • Le résultat moyen est 5 sur 6
Statistiques - réponses
Hint Réponse % Correct
L'horloge tourne autour de moi, tout est rose autour de toi, les étoiles défilent autour de nous À tes côtés
100%
Dis-moi pourquoi t'as fait ta vie sans moi
Bah ouais peut-être qu'en fait j'te mérite pas
Sans toi
100%
Dans l'orage, des visions m'éclairent
Par les flammes je me suis évadée, yeah
Lumière
86%
Une flamme qui jamais ne meurt, mon âme sur un détonateur Divine
79%
T'as tout remis en question, ma voix, mon corps et ma vision Domino
79%
J'ai cherché à me modifier, à rentrer dans toutes ces cases sans trouver ma place J'ai plus peur
79%
Aucun quiz correspondant
Distribution des résultats
% des personnes avec chaque résultat
Percentile par nombre de réponses
Votre historique - résultats
Vous n’avez pas pris ce quiz depuis la dernière actualisation